Normal view
MARC view
Entry Personal Name
001 - CONTROL NUMBER
- control field: 30192
003 - CONTROL NUMBER IDENTIFIER
- control field: ARRUPE
005 - DATE AND TIME OF LATEST TRANSACTION
- control field: 20170428115456.0
008 - FIXED-LENGTH DATA ELEMENTS
- fixed length control field: 170428|| aca||aabn | a|a d
040 ## - CATALOGING SOURCE
- Original cataloging agency: ARRUPE
- Transcribing agency: ARRUPE
100 ## - HEADING--PERSONAL NAME
- Personal name: Burgt, J.M.M. van der
670 ## - SOURCE DATA FOUND
- Source citation: Work cat.: (ARRUPE)63294: Burgt, J.M.M. van der, Un grand peuple de l'Afrique Equatoriale, 1903